000 00738nam a2200277Ia 4500
003 OSt
005 20220912150214.0
006 a|||||r|||| 00| 0
007 ta
008 220909b |||||||| |||| 00| 0 eng d
024 _a42934
037 _cTextual
040 _aCSL
_beng
_cCSL
041 _aeng
082 _aD65,8(B)92L1, M4;M9
100 _aWinston Patrick Henry
245 0 _aLISP
250 _a3
260 _aReading
_bAddison-Wesley
_c1989
300 _axxi, 611p.
_ccm.
650 _a LISP
650 _aComputer science
700 _a Horn Berthold Klaus Paul
942 _hD65,8(B)92L1, M4;M9
_cTEXL
_2CC
999 _c41869
_d41869